[Event "chess.com SF Blitz 1m+1spm 2016"]
[Site "chess.com INT"]
[Date "2016.08.23"]
[Round "20"]
[White "Carlsen, Magnus"]
[Black "Grischuk, Alexander"]
[Result "1-0"]
[WhiteTitle "GM"]
[BlackTitle "GM"]
[WhiteElo "2857"]
[BlackElo "2754"]
[WhiteFideId "1503014"]
[BlackFideId "4126025"]
[EventDate "2016.08.23"]

1. d4 Nf6 2. Nf3 g6 3. g3 c6 4. Bg2 d5 5. O-O Bg7 6. b3 O-O 7. Bb2 a5 8. c4 a4
9. e3 Nbd7 10. Qe2 b5 11. Nbd2 Ba6 12. Rfc1 Re8 13. Qd1 Ne4 14. Nxe4 dxe4 15.
Ng5 e5 16. Nxe4 exd4 17. Bxd4 Ne5 18. Nc5 Qe7 19. cxb5 Bxb5 20. bxa4 Ba6 21.
Nxa6 Rxa6 22. Rab1 Rea8 23. Bxe5 Bxe5 24. Bxc6 Rd8 25. Qe2 Ra7 26. Rd1 Rc8 27.
Qb5 Kg7 28. a5 Rb8 29. Qd5 Rc8 30. a4 Bc3 31. a6 Rxa6 32. Bb7 Ra5 33. Qxa5 Bxa5
34. Bxc8 h5 35. Ba6 h4 36. Bf1 Qe4 37. Rb5 Qxa4 38. Rd4 Qa1 39. Rxh4 Be1 40. Rf4
f5 41. h4 Bd2 42. h5 gxh5 43. Rbxf5 Kg6 44. Kg2 Qa8+ 45. Rf3 Qe4 46. Rf4 Qd5 47.
Bc4 Qc6 48. Bf7+ Kg5 49. Rf5+ 1-0